Famous scorelines in soccer - Statistics

General Stats
  • This quiz has been taken 69 times
  • The average score is 14 of 21
Answer Stats
Hint Answer % Correct
2014 Germany vs Brazil 7-1
96%
2019 Liverpool vs Barcelona (2nd leg) 4-0
85%
1999 Manchester United vs Bayern Munich 2-1
81%
2022 Saudi Arabia vs Argentina 2-1
81%
2017 Barcelona vs PSG (2nd leg) 6-1
81%
2005 Liverpool vs Milan (90 mins) 3-3
80%
2018 Spain vs Portugal 3-3
78%
1986 Argentina vs England 2-1
76%
2020 Bayern Munich vs Barcelona 8-2
72%
2022 Japan vs Germany 2-1
65%
2022 Japan vs Spain 2-1
65%
2018 Roma vs Barcelona (2nd leg) 3-0
65%
2018 South Korea vs Germany 2-0
63%
2012 Manchester City vs Queens Park Rangers 3-2
63%
2018 France vs Argentina 4-3
61%
1998 Argentina vs England (90 mins) 2-2
54%
2018 Mexico vs Germany 1-0
52%
2014 Netherlands vs Spain 5-1
50%
2006 Italy vs Germany (AET) 2-0
46%
1970 Italy vs West Germany 4-3
37%
1982 Hungary vs El Salvador 10-1
26%
No matching quizzes found
Score Distribution
Percent of People with Each Score
Percentile by Number Answered
Your Score History
You have not taken this quiz